LEADER 00843nam0-22002771i-450- 001 990006742220403321 005 20001010 035 $a000674222 035 $aFED01000674222 035 $a(Aleph)000674222FED01 035 $a000674222 100 $a20001010d--------km-y0itay50------ba 101 0 $aita 105 $ay-------001yy 200 1 $a<>socialismo contemporaneo$elineamenti storici$econ un'appendice$eLa dittatura del proletariato ed i problemi economici delsocialismo$fArturo Labriola 210 $aNapoli$cMorano$d1922 215 $a382 p 20 cm 700 1$aLabriola,$bArturo$f<1873-1959>$068325 801 0$aIT$bUNINA$gRICA$2UNIMARC 901 $aBK 912 $a990006742220403321 952 $aXII A 967$b15948$fFSPBC 959 $aFSPBC 996 $aSocialismo contemporaneo$9499372 997 $aUNINA DB $aGEN01 LEADER 01094nam0-2200337---450- 001 990008667770403321 005 20081030114259.0 010 $a978-1-84720-115-7 035 $a000866777 035 $aFED01000866777 035 $a(Aleph)000866777FED01 035 $a000866777 100 $a20080603d2008----km-y0itay50------ba 101 0 $aeng 102 $aGB 105 $ay---ac--001yy 200 1 $aTaxes and the economy$ea survey of the impact of taxes on growth, employment, investment, consumption and the environment$fWillem Vermeend, Rick van der Ploeg and Jan Willem Timmer 210 $aCheltenham$aNorthampton$cEdward Elgar$dc2008 215 $aVIII, 504 p.$d24 cm 320 $aBibliografia: p. 452-478 610 0 $aImposte 700 1$aVermeend,$bWillem A.$0503440 701 1$aPloeg,$bFrederick van der$f<1956- >$0122184 701 1$aTimmer,$bJan Willem$0308766 801 0$aIT$bUNINA$gRICA$2UNIMARC 901 $aBK 912 $a990008667770403321 952 $aH3.166$b857/DE$fDECTS 959 $aDECTS 996 $aTaxes and the economy$9717619 997 $aUNINA